000 00325nam a2200133Ia 4500
005 20251222152609.0
008 251222s9999||||xx |||||||||||||| ||spa||
082 _a657/R71
100 _aRobert, Anthony
245 0 _aContabilidad para la Dirección
250 _a2da.ed.
264 _b"El Ateneo" Buenos Aire
942 _cLIB
999 _c26890
_d26890